000 00320nam a2200133Ia 4500
008 240624s9999 xx 000 0 und d
041 _aeng
082 _a657 SAW
100 _aSAWYERS ROBY
245 _aMANAGERIAL ACCOUNTING A SOUTH ASIAN PERS
250 _a(2nd ed.)
260 _c2011
300 _ax, 410 p.; 23 cm.
999 _c31304
_d31304